Situationists - Sudden Death - Statistics

General Stats
  • This quiz has been taken 4 times
  • The average score is 4 of 11
Answers on the Grid
Answers color-coded by a green-red scale on the quiz's grid according to % correct below.
Guy Debord
Isidore Isou
Alice Becker Ho
Mustapha Khayati
Giuseppe Pinot-Gallizio
Michel Foucault
Luchino Visconti
Michèle Bernstein
Asger Jorn
Björn Andrésen
Jørgen Nash
Guy Hocquenghem
France Gall
Shigeko Kubota
Gianfranco Sanguinetti
Tupac Shakur
Natalie Wynn
Vladimir Kramnik
Andrea Dworkin
Constant Nieuwenhuys
Raoul Vaneigem
Karla Homolka
Lindsay Ellis
René Viénet
 
Answer Stats
Answer % Correct
Guy Debord
100%
Asger Jorn
67%
Raoul Vaneigem
67%
Alice Becker Ho
33%
Michèle Bernstein
33%
Mustapha Khayati
33%
René Viénet
33%
Constant Nieuwenhuys
0%
Gianfranco Sanguinetti
0%
Giuseppe Pinot-Gallizio
0%
Jørgen Nash
0%
No matching quizzes found
Score Distribution
Percent of People with Each Score
Percentile by Number Answered
Your Score History
You have not taken this quiz